Statistics for 北海道の高速バスの愛称

Click here to take the quiz!

General Stats

  • This quiz has been taken 17 times
  • The average score is 25 of 59

Answer Stats

路線路線名運行会社% Correct
札幌~小樽高速おたる号北海道中央バス・ ジェイ・アール北海道バス
93%
札幌~苫小牧高速とまこまい号北海道中央バス・ 道南バス
93%
札幌~余市高速よいち号北海道中央バス
86%
札幌~夕張高速ゆうばり号北海道中央バス
86%
札幌~留萌高速るもい号北海道中央バス
86%
札幌~函館高速はこだて号北海道バス・ 北海道観光バス
86%
札幌~栗山高速くりやま号北海道中央バス
86%
札幌~ニセコ高速ニセコ号北海道中央バス
86%
札幌~室蘭高速むろらん号北海道中央バス・ 道南バス
79%
札幌~遠軽高速えんがる号北海道中央バス・ 道北バス・ 北海道北見バス
79%
札幌~三笠高速みかさ号北海道中央バス
79%
札幌~滝川高速たきかわ号北海道中央バス
79%
札幌~岩内高速いわない号北海道中央バス
79%
札幌~和寒・士別・名寄高速なよろ号北海道中央バス・ 道北バス
79%
札幌~帯広ポテトライナー北海道中央バス・ ジェイ・アール北海道バス・ 北都交通・ 十勝バス・ 北海道拓殖バス
71%
札幌~岩見沢高速いわみざわ号北海道中央バス
71%
札幌~富良野高速ふらの号北海道中央バス
71%
札幌~旭川高速あさひかわ号北海道中央バス・ ジェイ・アール北海道バス・ 道北バス
64%
札幌~函館函館特急ニュースター号北海道中央バス・ 道南バス・ 北都交通 函館バス
64%
札幌~釧路釧路特急ニュースター号北海道バス
57%
札幌~えりも高速えりも号ジェイ・アール北海道バス
57%
札幌~留萌・羽幌・豊富特急はぼろ号沿岸バス
57%
旭川~枝幸えさし号道北バス・ 宗谷バス
57%
札幌~枝幸えさし号宗谷バス
57%
札幌~美国高速しゃこたん号北海道中央バス
57%
札幌~稚内わっかない号北都交通・ 宗谷バス
50%
札幌~増毛・留萌特急ましけ号沿岸バス
50%
札幌~浦河高速ペガサス号道南バス
43%
札幌~北見・網走ドリーミントオホーツク号北海道中央バス・ 北海道北見バス・ 網走バス
36%
札幌~帯広帯広特急ニュースター号北海道バス
36%
札幌~苫小牧高速ハスカップ号北海道中央バス・ 道南バス
36%
札幌~紋別流氷もんべつ号北海道中央バス・ ジェイ・アール北海道バス・ 道北バス・ 北紋バス
29%
釧路~根室特急ねむろ号くしろバス・ 根室交通
29%
札幌~室蘭高速白鳥号北海道中央バス・ 道南バス
29%
旭川~遠軽特急北大雪号道北バス・ 北海道北見バス
29%
札幌~広尾高速ひろおサンタ号ジェイ・アール北海道バス
29%
旭川~帯広ノースライナー号道北バス・ 十勝バス・ 北海道拓殖バス
29%
旭川~鬼志別天北号宗谷バス
21%
旭川~紋別特急オホーツク号道北バス
21%
釧路空港~帯広(運休中)スイーツライナー北海道拓殖バス
21%
札幌~根室オーロラ号北都交通・ 根室交通
21%
新千歳空港~室蘭高速はやぶさ号道南バス
14%
旭川~釧路サンライズ号道北バス・ 阿寒バス
14%
釧路~北見釧北号北海道北見バス・ 阿寒バス
14%
旭川~鬼志別特急天北号宗谷バス・道北バス
14%
札幌~登別温泉高速おんせん号道南バス
14%
旭川~枝幸特急えさし号道北バス・ 宗谷バス
14%
旭川~北見サンライズ号道北バス・ 北海道北見バス
14%
苫小牧~日高特急とまも号道南バス
14%
札幌~斜里~ウトロイーグルライナー斜里バス
7%
札幌~釧路スターライト釧路号北海道中央バス・ くしろバス・ 阿寒バス
7%
旭川~留萌特急あさひかわ号沿岸バス
7%
新千歳空港~浦河特急ひだか優駿号道南バス
7%
札幌~洞爺湖温泉・豊浦札幌洞爺湖線道南バス
7%
新千歳空港~帯広とかちミルキーライナー北都交通・ おびうん観光
7%
旭川~新千歳空港たいせつライナー旭川電気軌道・ 北都交通
0%
新千歳空港~網走千歳オホーツクエクスプレス網走バス
0%
札幌~東室蘭高速蘭東ライナー号道南バス
0%
新千歳空港~登別温泉高速登別温泉エアポート号道南バス
0%

Score Distribution

Percentile by Number Answered

Percent of People with Each Score

Your Score History

You have not taken this quiz